|
|
|
|
| LEADER |
01357nam a2200277 u 4500 |
| 001 |
10030886 |
| 003 |
GR-PaULI |
| 005 |
20210117210053.0 |
| 008 |
881025s1972 us eng |
| 952 |
|
|
|0 0
|1 0
|2 ddc
|4 0
|6 515_350000000000000_LAD
|7 0
|9 200367
|a LISP
|b LISP
|c BSC
|d 2016-04-24
|i 02212
|l 0
|o 515.35 LAD
|p 025000069636
|r 2016-04-24 00:00:00
|t 1
|v 2016.00
|w 2016-04-24
|y BK15
|
| 952 |
|
|
|0 0
|1 0
|2 ddc
|4 0
|6 515_730000000000000_LAD
|7 0
|9 226134
|a LISP
|b LISP
|c BSC
|d 2018-09-28
|e Βιβλιοθήκη Μαθηματικού.
|i 123746
|l 0
|o 515.73 LAD
|p 025000039668
|r 2018-09-28 00:00:00
|t 2
|v 2018.00
|w 2018-09-28
|y BK15
|
| 999 |
|
|
|c 122778
|d 122778
|
| 020 |
|
|
|a 0124326501
|
| 040 |
|
|
|a GR-PaULI
|c GR-PaULI
|b gre
|e AACR2
|
| 082 |
|
|
|2 23
|a 515.73
|
| 100 |
1 |
|
|a Ladas, G. E.
|9 25626
|e συγγραφέας.
|
| 245 |
1 |
0 |
|a Differential equations in abstract spaces /
|c G. E. Ladas and V. Lakshmikantham.
|
| 260 |
|
|
|a New York :
|b Academic Press,
|c 1972.
|
| 300 |
|
|
|a xi, 218 σ. ;
|c 24 εκ.
|
| 490 |
1 |
|
|a Mathematics in science and engineering
|v 85.
|
| 504 |
|
|
|a Περιλαμβάνει βιβλιογραφία και ευρετήριο.
|
| 650 |
|
4 |
|9 130
|a Εξισώσεις, Διαφορικές
|
| 700 |
1 |
|
|a Lakshmikantham, V.
|d 1926-
|9 42439
|e συγγραφέας.
|
| 830 |
|
|
|9 163623
|a Mathematics in science and engineering
|v 85.
|
| 942 |
|
|
|2 ddc
|c BK15
|
| 998 |
|
|
|c ΜΠΟΥΡΑΣ
|d 2018-09
|